Space industry international : Markets companies statistics and personnel

Bibliographic Details
Other Authors: Pardoe, Geoffrey K.C
Format: Book
Published: Essex : Longman , 1987
Subjects:

MARC

LEADER 00000cam a2200000 7i4500
001 0000003227
005 20030125.0
020 |a 0582003148 
040 |a INS 
090 0 0 |a HD9711.75.A2   |b S64 1987 
245 0 0 |a Space industry international :   |b Markets companies statistics and personnel   |c editor Geoffrey K.C. Pardoe 
260 |a Essex :   |b Longman ,   |c 1987 
300 |a 353p. ;   |c 25 cm. 
650 0 0 |a Aerospace industries   |x Dictionaries 
700 1 |a Pardoe, Geoffrey K.C. 
999 |a 0000004224   |b BOOK   |c Open Shelf   |e Default branch